000 00797nam0a22002291 4500
001 rc\620920
005 20260405085111.0
035 _a(NLR Aleph) 005863862
090 _a5907216
_c5907216
100 _a20031121d1986 |||y0rusy50 ca
101 0 _arus
102 _aRU
105 _aa |||||||||
200 1 _aПитерские умельцы
_eРассказы о старых мастерах
_e[Для сред. и ст. шк. возраста]
_f[Грав. Р. Яхнина]
210 _aЛ.
_cДет. лит.
_d1986
215 _a157 с.
_cил.
_d24
700 1 _8rus
_7ca
_aВересов
_bА. И.
_f1911-1991
_gАлександр Израилевич
_3RU\NLR\AUTH\7731150
_914161
801 0 _aRU
_bNLR
_gpsbo
801 1 _aRU
_bELAR
_2rusmarc
852 _aNLR
_j86-7/920
942 _cBOOK
980 _aNB